[Event "2. Torneo Ciudad de Pontevedra 2014"]
[Site "Pontevedra ESP"]
[Date "2014.08.09"]
[Round "3.8"]
[White "Garcia Ortega, Jesus Angel"]
[Black "Vidal Fernandez, Pablo"]
[Result "1-0"]
[WhiteElo "2142"]
[BlackElo "1782"]
[PlyCount "49"]
[EventDate "2014.08.07"]
[EventType "swiss"]
[EventRounds "9"]
[EventCountry "ESP"]
[Source "lmi"]
[SourceDate "2014.08.07"]

1. e4 c5 2. Nc3 Nc6 3. Nge2 e6 4. g3 a6 5. Bg2 g6 6. d3 Bg7 7. O-O Nge7 8. Be3
Nd4 9. Qd2 d6 10. Rae1 O-O 11. f4 Rb8 12. Nd1 f5 13. c3 Nxe2+ 14. Rxe2 b5 15.
Nf2 Qc7 16. d4 Bb7 17. Rd1 Rbd8 18. Qe1 Rfe8 19. g4 c4 20. Bc1 Bc8 21. Re3 Kf8
22. Qe2 d5 23. exf5 exf5 24. Re1 Qc6 25. Rxe7 1-0

[Event "2. Torneo Ciudad de Pontevedra 2014"]
[Site "Pontevedra ESP"]
[Date "2014.08.09"]
[Round "3.9"]
[White "Bayon Rolo, Juan Andres"]
[Black "Cardenas Serrano, Sergio"]
[Result "1-0"]
[WhiteElo "1762"]
[BlackElo "2064"]
[PlyCount "128"]
[EventDate "2014.08.07"]
[EventType "swiss"]
[EventRounds "9"]
[EventCountry "ESP"]
[Source "lmi"]
[SourceDate "2014.08.07"]

1. e4 e6 2. d4 d5 3. exd5 exd5 4. Bd3 Nc6 5. c3 Bd6 6. Ne2 Qh4 7. g3 Qh3 8. Nf4
Bxf4 9. Bxf4 Qg2 10. Qe2+ Be6 11. Qf1 Qxf1+ 12. Bxf1 O-O-O 13. Bg2 Re8 14. O-O
Nf6 15. Nd2 Bf5 16. Rfe1 h6 17. Be5 Nxe5 18. dxe5 Nd7 19. f4 Nb6 20. a4 a5 21.
Nb3 c6 22. Nxa5 Kc7 23. Nb3 Bc2 24. Nd4 Bxa4 25. b3 Bb5 26. Nxb5+ cxb5 27. Rad1
Rd8 28. Rd4 Rd7 29. Bf1 Ra8 30. Bxb5 Rdd8 31. f5 Ra5 32. Be2 Re8 33. Bh5 Re7
34. e6 fxe6 35. fxe6 Rc5 36. Re3 Kd6 37. Bg4 Rec7 38. Rdd3 Re7 39. Rf3 Rb5 40.
c4 Rc5 41. Rf2 Ke5 42. Re2+ Kd6 43. Red2 Ke5 44. Re3+ Kd6 45. Rf3 Ke5 46. Kf2
g6 47. h4 dxc4 48. h5 c3 49. Rc2 gxh5 50. Bh3 Kd4 51. Rf7 Nc8 52. Rf3 Nd6 53.
Rc1 c2 54. Ke2 Ne4 55. Rd3+ Ke5 56. Re3 Rc3 57. Rxc3 Nxc3+ 58. Kd3 Na2 59. Re1+
Kf6 60. Kxc2 Nb4+ 61. Kc3 Nc6 62. Kc4 Rc7 63. Re3 Ke7 64. Kc5 Nb8+ 1-0

[Event "2. Torneo Ciudad de Pontevedra 2014"]
[Site "Pontevedra ESP"]
[Date "2014.08.09"]
[Round "3.10"]
[White "Gonzalez Diaz, Julio"]
[Black "Louzao Brea, Jose Luis"]
[Result "1-0"]
[WhiteElo "2286"]
[BlackElo "1894"]
[PlyCount "47"]
[EventDate "2014.08.07"]
[EventType "swiss"]
[EventRounds "9"]
[EventCountry "ESP"]
[Source "lmi"]
[SourceDate "2014.08.07"]

1. c4 Nf6 2. g3 d5 3. Bg2 c6 4. Nf3 Nbd7 5. O-O e5 6. cxd5 Nxd5 7. Nc3 f5 8. d3
Bd6 9. e4 Nxc3 10. bxc3 fxe4 11. Ng5 exd3 12. Qxd3 Nc5 13. Qc2 g6 14. Be3 Bf5
15. Ne4 Nxe4 16. Bxe4 Bxe4 17. Qxe4 Qa5 18. Qg4 Qc7 19. Rad1 Rd8 20. Bg5 Rd7
21. Qe6+ Be7 22. Rxd7 Qxd7 23. Qxe5 Rf8 24. Re1 1-0

[Event "2. Torneo Ciudad de Pontevedra 2014"]
[Site "Pontevedra ESP"]
[Date "2014.08.10"]
[Round "4.1"]
[White "Santos Latasa, Jaime"]
[Black "Rodriguez Lopez, Rafael"]
[Result "1-0"]
[WhiteElo "2487"]
[BlackElo "2238"]
[PlyCount "89"]
[EventDate "2014.08.07"]
[EventType "swiss"]
[EventRounds "9"]
[EventCountry "ESP"]
[Source "lmi"]
[SourceDate "2014.08.07"]

1. e4 c5 2. Nf3 d6 3. d4 cxd4 4. Nxd4 Nf6 5. Nc3 a6 6. Bg5 Nbd7 7. f4 Qc7 8.
Qf3 b5 9. O-O-O Bb7 10. Bxf6 Nxf6 11. g4 e6 12. g5 Nd7 13. Bh3 b4 14. Nd5 exd5
15. exd5 Be7 16. Rhe1 Kf8 17. Nf5 Re8 18. Qe3 Nc5 19. Qd4 Rg8 20. Re3 Bc8 21.
Rde1 Bxf5 22. Bxf5 g6 23. Bg4 a5 24. Kb1 Qb6 25. Qd2 Qa7 26. h4 h5 27. Bh3 Qb7
28. Qd4 Na4 29. Ka1 Nb6 30. Bg2 Nd7 31. Bh3 Qb6 32. Qd3 Qb7 33. Qe2 Nc5 34. Bg2
Rh8 35. Bf1 Qd7 36. Bh3 Qb7 37. f5 gxf5 38. Bxf5 Rg8 39. Qf3 Nd7 40. g6 f6 41.
Qxh5 Ne5 42. Qh6+ Rg7 43. Qh8+ Rg8 44. g7+ Kf7 45. Be6+ 1-0

[Event "2. Torneo Ciudad de Pontevedra 2014"]
[Site "Pontevedra ESP"]
[Date "2014.08.10"]
[Round "4.2"]
[White "Portela Peleteiro, Alberto"]
[Black "Barlov, Dragan"]
[Result "1/2-1/2"]
[WhiteElo "2144"]
[BlackElo "2439"]
[PlyCount "87"]
[EventDate "2014.08.07"]
[EventType "swiss"]
[EventRounds "9"]
[EventCountry "ESP"]
[Source "lmi"]
[SourceDate "2014.08.07"]

1. e4 c5 2. Nf3 e6 3. d4 cxd4 4. Nxd4 a6 5. Bd3 Nf6 6. O-O Qc7 7. Qe2 d6 8. c4
Be7 9. Nc3 O-O 10. f4 Nbd7 11. Bd2 b6 12. b4 Bb7 13. f5 e5 14. Nc2 Rfc8 15. Ne3
Qd8 16. Ned5 h6 17. Rfc1 Nxd5 18. cxd5 Bg5 19. Kh1 Bxd2 20. Qxd2 Qg5 21. Qxg5
hxg5 22. a3 Kf8 23. Kg1 Ke7 24. Na4 Rxc1+ 25. Rxc1 Rc8 26. Rxc8 Bxc8 27. Nb2
Kd8 28. Kf2 Nf6 29. Nc4 Kc7 30. Nd2 Ng8 31. Nf3 f6 32. h4 gxh4 33. Nxh4 Ne7 34.
g4 b5 35. g5 Kd8 36. Nf3 Bd7 37. Ke3 Nc8 38. Kd2 Nb6 39. Kc3 fxg5 40. Nxg5 Ke7
41. Be2 Kf6 42. Nh7+ Ke7 43. Ng5 g6 44. fxg6 1/2-1/2

[Event "2. Torneo Ciudad de Pontevedra 2014"]
[Site "Pontevedra ESP"]
[Date "2014.08.10"]
[Round "4.3"]
[White "Garcia Ortega, Jesus Angel"]
[Black "Alvarez Fernandez, Enrique"]
[Result "0-1"]
[WhiteElo "2142"]
[BlackElo "2355"]
[PlyCount "62"]
[EventDate "2014.08.07"]
[EventType "swiss"]
[EventRounds "9"]
[EventCountry "ESP"]
[Source "lmi"]
[SourceDate "2014.08.07"]

1. e4 c5 2. Nc3 d6 3. Nge2 Nf6 4. d3 Nc6 5. g3 g6 6. Bg2 Bg7 7. O-O O-O 8. h3
Rb8 9. Be3 b5 10. Qd2 b4 11. Nd1 Re8 12. f4 Bb7 13. g4 Nd7 14. Ng3 Nd4 15. Nf2
a5 16. f5 Ne5 17. Nfh1 a4 18. Rab1 Ba6 19. Bxd4 cxd4 20. Ne2 b3 21. axb3 axb3
22. Nf2 bxc2 23. Qxc2 Bh6 24. Ra1 Qb6 25. fxg6 hxg6 26. Nc1 Rec8 27. Qa4 Ra8
28. Qd1 Qxb2 29. Ne2 Be3 30. Kh1 Bxf2 31. Rxf2 Bxd3 0-1

[Event "2. Torneo Ciudad de Pontevedra 2014"]
[Site "Pontevedra ESP"]
[Date "2014.08.10"]
[Round "4.4"]
[White "Suarez Gomez, Julio"]
[Black "Abbas, Daniel"]
[Result "1-0"]
[WhiteElo "2294"]
[BlackElo "2010"]
[PlyCount "176"]
[EventDate "2014.08.07"]
[EventType "swiss"]
[EventRounds "9"]
[EventCountry "ESP"]
[Source "lmi"]
[SourceDate "2014.08.07"]

1. e4 c5 2. Nf3 e6 3. d4 cxd4 4. Nxd4 a6 5. Bd3 Bc5 6. Nb3 Ba7 7. Qe2 d6 8. O-O
Nc6 9. Be3 Nf6 10. N1d2 O-O 11. Bxa7 Rxa7 12. Nc4 Re8 13. Ne3 b6 14. c3 Ne5 15.
Bc2 Rd7 16. Rad1 Bb7 17. f3 Ng6 18. Rd2 d5 19. exd5 Nf4 20. Qf2 N4xd5 21. Rfd1
Qc7 22. Nxd5 Rxd5 23. Nd4 Rdd8 24. Qe3 Bd5 25. a4 Rd7 26. Bd3 Bb7 27. Qe2 Qc8
28. Bc4 Nd5 29. Bb3 Kh8 30. Kh1 Red8 31. Nc2 Nf4 32. Qe3 Rxd2 33. Rxd2 Rxd2 34.
Qxd2 Nd5 35. Bxd5 Bxd5 36. Ne3 Qd7 37. Qd4 b5 38. a5 h6 39. Kg1 Kg8 40. Kf2 Bc6
41. Nc2 Kf8 42. Qc5+ Ke8 43. Nd4 Bb7 44. Qe5 Kf8 45. Ke3 Qd5 46. Qb8+ Ke7 47.
h4 g6 48. Nb3 h5 49. Qc7+ Kf6 50. Nc5 Qc6 51. Qd8+ Kg7 52. Nd7 Qc8 53. Qe7 Bc6
54. Qf6+ Kg8 55. Ne5 Be8 56. Kf4 Qc5 57. Qd8 Qf8 58. g4 f6 59. Nd3 e5+ 60. Ke3
hxg4 61. fxg4 Kf7 62. g5 Qe7 63. Qd5+ Kg7 64. gxf6+ Kxf6 65. Ke4 Bd7 66. Nxe5
Bf5+ 67. Kf4 Kg7 68. Nf3 Kf8 69. Qe5 Qd7 70. h5 Qh7 71. Qb8+ Ke7 72. Qc7+ Bd7
73. hxg6 Qh6+ 74. Ke4 Qxg6+ 75. Ke3 Qe6+ 76. Ne5 Kf6 77. Kd4 Be8 78. Nd3 Bg6
79. Qe5+ Qxe5+ 80. Nxe5 Bf5 81. Nc6 Bc8 82. Kc5 Ke6 83. Na7 Bd7 84. Kb6 Kd6 85.
Kxa6 Kc5 86. Kb7 Bh3 87. a6 Bg2+ 88. Kc7 Kd5 1-0

[Event "2. Torneo Ciudad de Pontevedra 2014"]
[Site "Pontevedra ESP"]
[Date "2014.08.10"]
[Round "4.5"]
[White "Torrado Quintela, Julio"]
[Black "Bayon Rolo, Juan Andres"]
[Result "1/2-1/2"]
[WhiteElo "2247"]
[BlackElo "1762"]
[PlyCount "68"]
[EventDate "2014.08.07"]
[EventType "swiss"]
[EventRounds "9"]
[EventCountry "ESP"]
[Source "lmi"]
[SourceDate "2014.08.07"]

1. Nf3 d5 2. c4 e6 3. d4 Nf6 4. Nc3 Nbd7 5. e3 c6 6. Bd3 Bd6 7. O-O O-O 8. e4
dxc4 9. Bxc4 e5 10. Bg5 exd4 11. Qxd4 Bc5 12. Qd2 b5 13. Bd3 Qb6 14. Bxf6 Nxf6
15. e5 Nd5 16. Nxd5 cxd5 17. Rac1 Bb7 18. Bxh7+ Kxh7 19. Qc2+ Kg8 20. Qxc5 Rfc8
21. Qb4 Rc4 22. Qd2 Rac8 23. Rc3 b4 24. Rb3 a5 25. h3 a4 26. Rd3 Rc2 27. Qf4
Ba6 28. Ng5 Bxd3 29. Qxf7+ Kh8 30. Qh5+ Kg8 31. Qf7+ Kh8 32. e6 Qc6 33. Qh5+
Kg8 34. Qf7+ Kh8 1/2-1/2

[Event "2. Torneo Ciudad de Pontevedra 2014"]
[Site "Pontevedra ESP"]
[Date "2014.08.10"]
[Round "4.6"]
[White "Cruz Alvarez de Ron, Dan"]
[Black "Gonzalez Diaz, Julio"]
[Result "1/2-1/2"]
[WhiteElo "2220"]
[BlackElo "2286"]
[PlyCount "35"]
[EventDate "2014.08.07"]
[EventType "swiss"]
[EventRounds "9"]
[EventCountry "ESP"]
[Source "lmi"]
[SourceDate "2014.08.07"]

1. d4 Nf6 2. c4 c5 3. d5 b5 4. cxb5 a6 5. bxa6 Bxa6 6. Nc3 d6 7. e4 Bxf1 8.
Kxf1 g6 9. g3 Bg7 10. Kg2 Nbd7 11. Nf3 O-O 12. Qc2 Ra6 13. Re1 Qa8 14. Nd2 Rb8
15. Nc4 Rb4 16. b3 Nb6 17. Nxb6 Raxb6 18. Bd2 1/2-1/2

[Event "2. Torneo Ciudad de Pontevedra 2014"]
[Site "Pontevedra ESP"]
[Date "2014.08.10"]
[Round "4.7"]
[White "Puga, Villarino Eloy"]
[Black "Rey Malde, Henrique"]
[Result "0-1"]
[WhiteElo "1898"]
[BlackElo "1989"]
[PlyCount "90"]
[EventDate "2014.08.07"]
[EventType "swiss"]
[EventRounds "9"]
[EventCountry "ESP"]
[Source "lmi"]
[SourceDate "2014.08.07"]

1. e4 c5 2. Nf3 e6 3. d3 a6 4. g3 b5 5. Bg2 Bb7 6. O-O d6 7. Re1 Nf6 8. c3 Be7
9. Nbd2 O-O 10. d4 cxd4 11. cxd4 Nc6 12. b3 Qb6 13. Bb2 Nb4 14. e5 dxe5 15.
Nxe5 Bxg2 16. Kxg2 Rac8 17. Re2 Nc2 18. Rc1 Nxd4 19. Bxd4 Qxd4 20. Ndf3 Qxd1
21. Rxd1 Nd5 22. Rd3 Rfd8 23. Red2 h5 24. h4 Bf6 25. a3 Rd6 26. Kf1 Rc1+ 27.
Kg2 Rc8 28. Kf1 Rcd8 29. Ke2 Bxe5 30. Nxe5 f6 31. Nf3 e5 32. Ne1 e4 33. Rd4
Nc3+ 34. Ke3 Rxd4 35. Rxd4 Nd1+ 36. Kxe4 Re8+ 37. Kf5 Rxe1 38. Kg6 Kf8 39. f4
Rg1 40. Kxh5 Nf2 41. Rd6 Rxg3 42. Rxa6 Nd3 43. Ra8+ Kf7 44. Ra7+ Kg8 45. a4
Nxf4# 0-1

[Event "2. Torneo Ciudad de Pontevedra 2014"]
[Site "Pontevedra ESP"]
[Date "2014.08.10"]
[Round "4.8"]
[White "Guerra Bastida, Diego"]
[Black "Rivas Diaz, Pablo"]
[Result "1-0"]
[WhiteElo "2362"]
[BlackElo "1889"]
[PlyCount "63"]
[EventDate "2014.08.07"]
[EventType "swiss"]
[EventRounds "9"]
[EventCountry "ESP"]
[Source "lmi"]
[SourceDate "2014.08.07"]

1. e4 g6 2. d4 Bg7 3. Nf3 d6 4. Bd3 Nf6 5. O-O O-O 6. Re1 c5 7. dxc5 dxc5 8. e5
Nd5 9. Be4 Nb6 10. Qe2 Qc7 11. Nc3 Nc6 12. Nb5 Qb8 13. Bf4 Be6 14. Bg3 Rd8 15.
b3 Qc8 16. Rad1 a6 17. Rxd8+ Qxd8 18. Bxc6 axb5 19. Bxb7 Rxa2 20. Ng5 Bxb3 21.
e6 Bc4 22. exf7+ Kh8 23. Qe3 Nd5 24. Bxd5 Bxd5 25. Be5 Rxc2 26. Bxg7+ Kxg7 27.
Qe5+ Kh6 28. h4 Rc4 29. Qxd5 Qxd5 30. f8=Q+ Kh5 31. Qxe7 Rxh4 32. Nf3 1-0

[Event "2. Torneo Ciudad de Pontevedra 2014"]
[Site "Pontevedra ESP"]
[Date "2014.08.10"]
[Round "4.9"]
[White "Gittens, Nathan L"]
[Black "Garcia Brion, Eduardo"]
[Result "0-1"]
[WhiteElo "1851"]
[BlackElo "2173"]
[PlyCount "112"]
[EventDate "2014.08.07"]
[EventType "swiss"]
[EventRounds "9"]
[EventCountry "ESP"]
[Source "lmi"]
[SourceDate "2014.08.07"]

1. d4 d5 2. c4 Nc6 3. Nf3 Bg4 4. cxd5 Bxf3 5. gxf3 Qxd5 6. e3 e6 7. Nc3 Bb4 8.
Bd2 Bxc3 9. bxc3 Nf6 10. c4 Qd6 11. Rb1 Rb8 12. f4 Ne4 13. Bg2 Nxd2 14. Qxd2
O-O 15. O-O b6 16. Qc2 Na5 17. c5 Qd7 18. Rfc1 Rfc8 19. Bf1 c6 20. Ba6 Rd8 21.
Bd3 g6 22. cxb6 axb6 23. Be4 Rdc8 24. Qa4 Qd6 25. Rc3 Rc7 26. Rbc1 Rbc8 27. h4
c5 28. dxc5 Rxc5 29. Rxc5 Rxc5 30. Rxc5 Qxc5 31. Qe8+ Kg7 32. Qd8 Nc4 33. a4
Nxe3 34. Qd2 Nd5 35. Bxd5 exd5 36. f5 d4 37. Qf4 f6 38. fxg6 hxg6 39. Qf3 Qd6
40. Qb7+ Kh6 41. Kf1 f5 42. Ke2 d3+ 43. Kd2 Qd4 44. Qe7 Qe4 45. Qf8+ Kh5 46.
Qf6 Qxh4 47. Qxb6 Qxa4 48. Kxd3 Qe4+ 49. Kd2 g5 50. Qb3 g4 51. Qf7+ Kg5 52.
Qg7+ Kf4 53. Qc7+ Qe5 54. Qc4+ Kf3 55. Qf1 Qd4+ 56. Kc1 Qa1+ 0-1

[Event "2. Torneo Ciudad de Pontevedra 2014"]
[Site "Pontevedra ESP"]
[Date "2014.08.10"]
[Round "4.10"]
[White "Abal Cores, Lucas"]
[Black "Lau, Jason"]
[Result "1/2-1/2"]
[WhiteElo "2130"]
[BlackElo "1787"]
[PlyCount "65"]
[EventDate "2014.08.07"]
[EventType "swiss"]
[EventRounds "9"]
[EventCountry "ESP"]
[Source "lmi"]
[SourceDate "2014.08.07"]

1. e4 e5 2. Nf3 Nc6 3. d4 exd4 4. Bc4 Nf6 5. e5 d5 6. Bb5 Ne4 7. Nxd4 Bd7 8.
Bxc6 bxc6 9. O-O Bc5 10. f3 Ng5 11. f4 Ne4 12. Be3 Bb6 13. Nd2 Nxd2 14. Qxd2 c5
15. Nb3 d4 16. Bf2 Bc6 17. c4 dxc3 18. Qxc3 Qd5 19. Qh3 c4 20. Bxb6 cxb6 21.
Rad1 Qxg2+ 22. Qxg2 Bxg2 23. Kxg2 cxb3 24. axb3 Rc8 25. Rd2 Ke7 26. Ra1 Rc7 27.
Rad1 Rhc8 28. Kf3 g6 29. Kg4 f6 30. exf6+ Kxf6 31. Rd6+ Kf7 32. b4 Ke8 33. R1d2
1/2-1/2

[Event "2. Torneo Ciudad de Pontevedra 2014"]
[Site "Pontevedra ESP"]
[Date "2014.08.10"]
[Round "5.1"]
[White "Alvarez Fernandez, Enrique"]
[Black "Santos Latasa, Jaime"]
[Result "1/2-1/2"]
[WhiteElo "2355"]
[BlackElo "2487"]
[PlyCount "48"]
[EventDate "2014.08.07"]
[EventType "swiss"]
[EventRounds "9"]
[EventCountry "ESP"]
[Source "lmi"]
[SourceDate "2014.08.07"]

1. d4 g6 2. c4 Nf6 3. Nc3 d5 4. Bg5 Bg7 5. Bxf6 Bxf6 6. cxd5 c6 7. e3 cxd5 8.
Qb3 e6 9. Nf3 O-O 10. Be2 Nc6 11. O-O b6 12. a3 Bb7 13. Qa2 Rc8 14. Rac1 Be7
15. b4 Bd6 16. Bd3 Qf6 17. Qe2 a5 18. Nb5 Bb8 19. bxa5 Nxa5 20. Qb2 Ba6 21. Qb4
Nc6 22. Qa4 Na5 23. Qb4 Nc6 24. Qa4 Na5 1/2-1/2

[Event "2. Torneo Ciudad de Pontevedra 2014"]
[Site "Pontevedra ESP"]
[Date "2014.08.10"]
[Round "5.2"]
[White "Barlov, Dragan"]
[Black "Suarez Gomez, Julio"]
[Result "1-0"]
[WhiteElo "2439"]
[BlackElo "2294"]
[PlyCount "55"]
[EventDate "2014.08.07"]
[EventType "swiss"]
[EventRounds "9"]
[EventCountry "ESP"]
[Source "lmi"]
[SourceDate "2014.08.07"]

1. c4 e6 2. Nc3 d5 3. d4 c6 4. e3 f5 5. Bd3 Bd6 6. f4 Nf6 7. Nf3 O-O 8. O-O Bd7
9. Ne5 Be8 10. Qb3 b6 11. Bd2 Ne4 12. Be1 a6 13. Rc1 b5 14. cxd5 cxd5 15. Ne2
Qe7 16. a3 Ra7 17. Bxe4 fxe4 18. Ba5 Bh5 19. Ng3 Be8 20. Bb6 Rb7 21. Bc5 b4 22.
Bxd6 Qxd6 23. Rc5 Bb5 24. Rfc1 bxa3 25. bxa3 Nc6 26. a4 Nxe5 27. dxe5 Bc4 28.
Qxc4 1-0

[Event "2. Torneo Ciudad de Pontevedra 2014"]
[Site "Pontevedra ESP"]
[Date "2014.08.10"]
[Round "5.3"]
[White "Bayon Rolo, Juan Andres"]
[Black "Portela Peleteiro, Alberto"]
[Result "0-1"]
[WhiteElo "1762"]
[BlackElo "2144"]
[PlyCount "78"]
[EventDate "2014.08.07"]
[EventType "swiss"]
[EventRounds "9"]
[EventCountry "ESP"]
[Source "lmi"]
[SourceDate "2014.08.07"]

1. e4 d6 2. d4 Nf6 3. Nc3 e5 4. Nf3 Nbd7 5. Be2 Be7 6. h3 O-O 7. O-O c6 8. Be3
Qc7 9. Nh2 b5 10. a3 Bb7 11. f4 exd4 12. Bxd4 a6 13. Bf3 Rfe8 14. Bf2 Bf8 15.
Qd2 a5 16. b4 Nb6 17. Ng4 Nxg4 18. hxg4 Nc4 19. Qd3 Ra6 20. Ne2 Rea8 21. Rab1
axb4 22. axb4 Ra3 23. Rb3 c5 24. Nc3 Bc6 25. Nd5 Qb7 26. Qe2 R3a4 27. Rfb1 Ra1
28. Qd1 Rxb1 29. Rxb1 Ra4 30. Qe1 Ra2 31. Qc3 Qa6 32. Be2 Bxd5 33. exd5 Qa3 34.
Qxa3 Nxa3 35. Rb3 c4 36. Rxa3 Rxa3 37. Kf1 Ra1+ 38. Be1 Be7 39. Bf3 Bh4 0-1

[Event "2. Torneo Ciudad de Pontevedra 2014"]
[Site "Pontevedra ESP"]
[Date "2014.08.10"]
[Round "5.4"]
[White "Rey Malde, Henrique"]
[Black "Guerra Bastida, Diego"]
[Result "0-1"]
[WhiteElo "1989"]
[BlackElo "2362"]
[PlyCount "76"]
[EventDate "2014.08.07"]
[EventType "swiss"]
[EventRounds "9"]
[EventCountry "ESP"]
[Source "lmi"]
[SourceDate "2014.08.07"]

1. d4 Nf6 2. c4 c5 3. d5 d6 4. Nc3 g6 5. e4 Bg7 6. h3 e6 7. Nf3 exd5 8. cxd5 a6
9. a4 Nbd7 10. Bf4 Qe7 11. Bd3 O-O 12. O-O Nh5 13. Bg5 Bf6 14. Be3 Ne5 15. Nxe5
Bxe5 16. Qd2 f5 17. exf5 Bxf5 18. Bxf5 gxf5 19. Bh6 Rfe8 20. Rfe1 Qf7 21. a5
Kh8 22. f4 Bd4+ 23. Kh2 Nf6 24. Rxe8+ Rxe8 25. Re1 Ne4 26. Qd3 Qg6 27. Bg5 Nxg5
28. Rxe8+ Qxe8 29. fxg5 Qe5+ 30. g3 Qe1 31. Ne2 Qf2+ 32. Kh1 Bxb2 33. Nf4 Bd4
34. Ne2 Qf1+ 35. Kh2 Bg1+ 36. Kh1 Be3+ 37. Kh2 Qf2+ 38. Kh1 Qf3+ 0-1

[Event "2. Torneo Ciudad de Pontevedra 2014"]
[Site "Pontevedra ESP"]
[Date "2014.08.10"]
[Round "5.5"]
[White "Gonzalez Diaz, Julio"]
[Black "Abbas, Daniel"]
[Result "1/2-1/2"]
[WhiteElo "2286"]
[BlackElo "2010"]
[PlyCount "42"]
[EventDate "2014.08.07"]
[EventType "swiss"]
[EventRounds "9"]
[EventCountry "ESP"]
[Source "lmi"]
[SourceDate "2014.08.07"]

1. c4 c5 2. Nf3 Nc6 3. g3 g6 4. Bg2 Bg7 5. Nc3 d6 6. O-O Bf5 7. e4 Bg4 8. h3
Bxf3 9. Bxf3 e6 10. a3 Nge7 11. Rb1 a5 12. Bg2 O-O 13. Nb5 Rb8 14. d3 Nd4 15.
Nxd4 Bxd4 16. b4 cxb4 17. axb4 b5 18. Bh6 Re8 19. bxa5 Qxa5 20. Rxb5 Rxb5 21.
cxb5 Qxb5 1/2-1/2

[Event "2. Torneo Ciudad de Pontevedra 2014"]
[Site "Pontevedra ESP"]
[Date "2014.08.10"]
[Round "5.6"]
[White "Lopez Rivera, Jesus"]
[Black "Torrado Quintela, Julio"]
[Result "0-1"]
[WhiteElo "1986"]
[BlackElo "2247"]
[PlyCount "47"]
[EventDate "2014.08.07"]
[EventType "swiss"]
[EventRounds "9"]
[EventCountry "ESP"]
[Source "lmi"]
[SourceDate "2014.08.07"]

1. e4 c5 2. Nf3 d6 3. d4 cxd4 4. Nxd4 Nf6 5. Nc3 a6 6. Qf3 g6 7. h3 Bg7 8. Be3
O-O 9. g4 Nc6 10. O-O-O Nxd4 11. Bxd4 Qa5 12. Kb1 e5 13. Be3 Be6 14. Bg5 Rac8
15. Bxf6 Rxc3 16. bxc3 Qa3 17. Rd5 Rc8 18. Bxg7 Rxc3 19. Qf6 Bxd5 20. exd5 Qb4+
21. Kc1 Qe4 22. Bd3 Qxd3 23. Kb1 Qxc2+ 24. Ka1 0-1

[Event "2. Torneo Ciudad de Pontevedra 2014"]
[Site "Pontevedra ESP"]
[Date "2014.08.10"]
[Round "5.7"]
[White "Rodriguez Lopez, Rafael"]
[Black "Pfreundt, Jakob"]
[Result "1-0"]
[WhiteElo "2238"]
[BlackElo "1990"]
[PlyCount "101"]
[EventDate "2014.08.07"]
[EventType "swiss"]
[EventRounds "9"]
[EventCountry "ESP"]
[Source "lmi"]
[SourceDate "2014.08.07"]

1. e4 e5 2. Nf3 Nc6 3. d4 exd4 4. Nxd4 Bb4+ 5. c3 Bc5 6. Be3 Bb6 7. Qg4 Qf6 8.
Qg3 Qg6 9. Qf4 Qf6 10. Nxc6 Bxe3 11. Qxe3 Qxc6 12. Nd2 Ne7 13. Qg5 Qg6 14. h4
h6 15. Qf4 d6 16. Bb5+ c6 17. Be2 O-O 18. O-O-O d5 19. Bf3 Be6 20. Qc7 dxe4 21.
Nxe4 Nd5 22. Qxb7 Bf5 23. h5 Qe6 24. Rhe1 Nf4 25. Qb3 Qe7 26. Qb4 Qxb4 27. cxb4
a5 28. g3 Nd5 29. b5 Rac8 30. b6 Bxe4 31. Bxe4 Nxb6 32. Rd6 Rfd8 33. Rxc6 Rxc6+
34. Bxc6 Rc8 35. Re8+ Rxe8 36. Bxe8 Kf8 37. Bb5 Ke7 38. Kd2 g6 39. Be2 Kd6 40.
Kd3 Kd5 41. f4 gxh5 42. Bxh5 f6 43. Bf7+ Kc5 44. Bb3 Nc8 45. Be6 Nd6 46. a3 f5
47. Ke3 Nc4+ 48. Bxc4 Kxc4 49. b4 a4 50. g4 fxg4 51. f5 1-0

[Event "2. Torneo Ciudad de Pontevedra 2014"]
[Site "Pontevedra ESP"]
[Date "2014.08.10"]
[Round "5.8"]
[White "Ares Campo, Iria"]
[Black "Cruz Alvarez de Ron, Dan"]
[Result "0-1"]
[WhiteElo "1931"]
[BlackElo "2220"]
[PlyCount "94"]
[EventDate "2014.08.07"]
[EventType "swiss"]
[EventRounds "9"]
[EventCountry "ESP"]
[Source "lmi"]
[SourceDate "2014.08.07"]

1. e4 g6 2. d4 Bg7 3. c4 d6 4. Nc3 Nd7 5. Nf3 Ngf6 6. Be2 e5 7. dxe5 dxe5 8.
O-O O-O 9. Qc2 c6 10. Rd1 Qe7 11. a4 a5 12. b3 Nc5 13. Ba3 Nfd7 14. b4 axb4 15.
Bxb4 Re8 16. a5 Qf6 17. Na4 Bf8 18. Nb6 Nxb6 19. axb6 Rxa1 20. Rxa1 Qd8 21. Ba5
Ne6 22. Rd1 Nd4 23. Nxd4 exd4 24. Bd3 Bg4 25. Rb1 c5 26. Bd2 Bd6 27. Qc1 Bd7
28. Bg5 f6 29. Bf4 Bc6 30. f3 Qb8 31. Bxd6 Qxd6 32. Qh6 Ra8 33. h4 Ra2 34. h5
Qg3 35. Bf1 Qf2+ 36. Kh1 Qh4+ 37. Kg1 Qxh5 38. Qf4 Qe5 39. Qg4 Kg7 40. Qc8 h5
41. Kh1 Kh6 42. Qf8+ Kg5 43. Qc8 Qf4 44. Qc7 h4 45. Qc8 Qg3 46. Qe6 h3 47. Kg1
Rxg2+ 0-1

[Event "2. Torneo Ciudad de Pontevedra 2014"]
[Site "Pontevedra ESP"]
[Date "2014.08.10"]
[Round "5.9"]
[White "Garcia Brion, Eduardo"]
[Black "Rodriguez Dominguez, Miguel I"]
[Result "1-0"]
[WhiteElo "2173"]
[BlackElo "1951"]
[PlyCount "103"]
[EventDate "2014.08.07"]
[EventType "swiss"]
[EventRounds "9"]
[EventCountry "ESP"]
[Source "lmi"]
[SourceDate "2014.08.07"]

1. c4 f5 2. Nc3 Nf6 3. g3 g6 4. Bg2 Bg7 5. d4 d6 6. b3 O-O 7. Bb2 c6 8. e3 e5
9. Nge2 e4 10. h4 Na6 11. Nf4 Nc7 12. Qd2 a5 13. Bf1 Rb8 14. a4 Ne6 15. Nxe6
Bxe6 16. Ne2 Bf7 17. Nf4 Qc7 18. Be2 Rfd8 19. O-O b6 20. Rfd1 Nd7 21. Rac1 Nf6
22. Bc3 c5 23. Qb2 Ne8 24. f3 Qe7 25. fxe4 Qxe4 26. Rd3 Nc7 27. Bf1 Qe7 28. Bg2
Ne6 29. Nd5 Qf8 30. dxc5 dxc5 31. Rcd1 Bxc3 32. Qxc3 Qg7 33. Nf6+ Kh8 34. Qe5
Rbc8 35. Rd6 Re8 36. R1d5 Nd4 37. Nxe8 Rxe8 38. Qxg7+ Kxg7 39. exd4 Bxd5 40.
Bxd5 cxd4 41. Rxb6 d3 42. Bf3 d2 43. Kf2 Re1 44. Rd6 Rb1 45. Rxd2 Rxb3 46. Rc2
Kf6 47. c5 Ke7 48. c6 Kd8 49. Bd5 Rb6 50. c7+ Kc8 51. Ke3 h6 52. Kf4 1-0

[Event "2. Torneo Ciudad de Pontevedra 2014"]
[Site "Pontevedra ESP"]
[Date "2014.08.10"]
[Round "5.10"]
[White "Serrano Martinez, Francisco Jose"]
[Black "Garcia Ortega, Jesus Angel"]
[Result "0-1"]
[WhiteElo "1930"]
[BlackElo "2142"]
[PlyCount "86"]
[EventDate "2014.08.07"]
[EventType "swiss"]
[EventRounds "9"]
[EventCountry "ESP"]
[Source "lmi"]
[SourceDate "2014.08.07"]

1. e4 d5 2. exd5 Qxd5 3. Nc3 Qd8 4. d4 c6 5. Bc4 Bf5 6. Nf3 e6 7. Bf4 Nf6 8.
O-O Be7 9. Qe2 O-O 10. Rad1 Nbd7 11. Rfe1 Qa5 12. a3 Nb6 13. Bd3 Bg4 14. h3 Bh5
15. g4 Bg6 16. Ne5 Nbd5 17. Nxd5 cxd5 18. h4 Bxd3 19. Rxd3 Rac8 20. c3 Qb5 21.
Rh3 Qxe2 22. Rxe2 Rfd8 23. f3 Bd6 24. Nd3 Bxa3 25. Bg5 Be7 26. Bxf6 Bxf6 27. g5
Be7 28. f4 Rc6 29. f5 Bf8 30. f6 b5 31. h5 a5 32. g6 gxf6 33. gxf7+ Kxf7 34.
Rf3 Bd6 35. Rfe3 Re8 36. Rg2 Rcc8 37. Kf1 Rg8 38. Rge2 Rce8 39. Rf3 Rg5 40.
Ref2 f5 41. Rh3 Reg8 42. Ne1 Rg1+ 43. Ke2 Bg3 0-1